Tác động của việc sử dụng công cụ hỗ trợ bán hàng đến hiệu suất bán hàng của nhân viên: Nghiên cứu trường hợp tại các doanh nghiệp ở Thành phố Cần Thơ /
Saved in:
| Main Author: | |
|---|---|
| Other Authors: | |
| Format: | Article |
| Language: | Vietnamese |
| Subjects: | |
| Tags: |
Add Tag
No Tags, Be the first to tag this record!
|
| Institutions: | Thư viện Trường Đại học Đà Lạt |
|---|
| LEADER | 00929nam a2200289 4500 | ||
|---|---|---|---|
| 001 | DLU190192948 | ||
| 005 | ##20191016 | ||
| 040 | # | # | |a DLU |b vie |
| 041 | # | # | |a vie |
| 044 | # | # | |a vn |
| 100 | # | # | |a Lê Thị Thu Trang. |
| 245 | # | # | |a Tác động của việc sử dụng công cụ hỗ trợ bán hàng đến hiệu suất bán hàng của nhân viên: Nghiên cứu trường hợp tại các doanh nghiệp ở Thành phố Cần Thơ / |c Lê Thị Thu Trang, Lưu Tiến Thuận. |
| 653 | # | # | |a Bán hàng |
| 653 | # | # | |a Cần Thơ |
| 653 | # | # | |a Hiệu suất bán hàng |
| 653 | # | # | |a Nhân viên bán hàng |
| 653 | # | # | |a Tự động hóa |
| 700 | # | # | |a Lưu Tiến Thuận. |
| 773 | # | # | |t Kinh tế và phát triển |g Số 254, 2018, tr. 99-108 |
| 994 | # | # | |a DLU |
| 900 | # | # | |a True |
| 911 | # | # | |a Hoàng Thị Huyền |
| 925 | # | # | |a G |
| 926 | # | # | |a A |
| 927 | # | # | |a BB |
| 980 | # | # | |a Thư viện Trường Đại học Đà Lạt |